000 00327nam a22001457a 4500
003 SGT
020 _a9789391208837
082 _a615.321
_bDOH
100 _aDOHARE SNEH LATA
245 _aA TEXTBOOK OF PHARMACOGNOSY
260 _aINDIA
_bIP PUB
_c2023
300 _a145
650 _a PHARMACOGNOSY
942 _2ddc
_cBK
999 _c34254
_d34254